00755nam a2200253 a 4500001001300000003000900013005001700022008004100039020001000080082001300090100002200103245004300125260004100168300000900209500003500218505002100253650004000274650001900314700002200333902000800355942000700363952011400370999001700484nice12345678IN_TiNIC20260116013956.0050524s1997 anaa grp 000 0 eng  ac20000a291bDSO aD`Souza, Rudolf V aBhagvadgita and St. John of the Cross. aAnandbGujarat Sahitya Prakashc1997 a460p aincludes index and biblioraphy2 aIndex of authors aComparative Religion-Chris& Hinduis aTheology-India1 aD`Souza, Rudolf V bSRS cBK 001040708StackRoom-aHMIbHMId2008-05-26g200.00l0o291 DSOp019211r2008-05-26v200.00w2005-05-24yBK c13332d13332